000 00673nam a2200289Ia 4500
001 120999
003 YMCAF
005 20230512163857.0
008 220207s2018 ||||||||||||||||| ||und|d
020 _a9781108723053
024 _a120999
035 _a52690
040 _aYMCAF
_beng
_cIN-KoLT
041 _aeng
082 _a579.8
_bLEE
100 _aLee, Robert Edward
245 0 _aPhycology
250 _a5th ed.
260 _aNew Delhi
_bCambridge university press
_c2018
300 _a535p.
653 _aBIOLOGY
653 _aCharacteristics of Algae
653 _aChlorophyta
653 _aChloroplast
653 _aLIFE SCIENCE
942 _2ddc
_cBK
999 _c17556
_d17556